000 00781nam a2200301Ia 4500
003 OSt
005 20221006144433.0
006 a|||||r|||| 00| 0
007 ta
008 221006b |||||||| |||| 00| 0 eng d
020 _c250.00
024 _a11,679
037 _cTextual
040 _aEASL
_cEASL
_beng
041 _2eng
_aeng
082 _aV1:N8, M9
100 _aMISHRA P. K. Ed.
245 0 _aModern world
_b A New Perspective
260 _aDelhi
_bAgam Prakashan India
_c1989
300 _axiv,255p.
_ccm.
490 _v Gen
650 _a Gen
650 _a International - Dimensions
_9652003
650 _a Power
_9648274
650 _aForeign - Policy
942 _hV1:N8, M9
_cTEXL
_2CC
999 _c1079765
_d1079765